| 000 | 00508nam a2200229Ia 4500 | ||
|---|---|---|---|
| 003 | IT-RoPAU | ||
| 008 | 120407s9999 xx 000 0 und d | ||
| 040 | _aIT-RoPAU | ||
| 040 | _cIT-RoPAU | ||
| 041 | _aita | ||
| 100 | _aPseudo-Macario | ||
| 245 | _aOeuvres spirituelles. (Testo greco-francese) | ||
| 250 | _aParis | ||
| 260 | _aDu Cerf | ||
| 260 | _c1980 | ||
| 300 | _c19,5 cm | ||
| 490 | _aSources C. 275 | ||
| 490 | _v1 | ||
| 600 | _a1° Homélies... 400 p. | ||
| 942 | _cBK | ||
| 999 |
_c21175 _d21175 |
||